Movies Quiz

Random Movies or Actress Quiz

Actors in Disguise Quiz Stats

 Plays Quiz Updated Aug 2, 2012

Support Sporcle.
Go Orange.
Score 0/24 Timer 06:00
6 Plays Today
% Correct
Johnny Depp (Edward Scissorhands)
92.7%
Brad Pitt (The Curious Case of Benjamin Button)
90.3%
Robin Williams (Night at the Museum)
89.5%
Heath Ledger (The Dark Knight)
86.5%
Jim Carrey (Lemony Snicket's A Series of Unfortunate Events)
84.6%
Mike Myers (Austin Powers: International Man of Mystery)
78.8%
Meryl Streep (Julie and Julia)
74.7%
Robert Downey Jr. (Tropic Thunder)
68.1%
Ben Stiller (Dodgeball)
67.6%
Danny Devito (Batman Returns)
62.5%
John Travolta (Battlefield Earth)
59.4%
Charlize Theron (Monster)
58.5%
% Correct
Gwyneth Paltrow (Shallow Hal)
57.7%
Nicole Kidman (The Hours)
52.2%
Dustin Hoffman (Tootsie)
51.2%
Michael Keaton (Beetlejuice)
50.8%
Ralph Fiennes (Harry Potter)
49.5%
Emma Thompson (Nanny McPhee)
46.8%
Wesley Snipes (To Wong Foo Thanks for Everything, Julie Newmar)
45.8%
Sir Ian McKellen (Lord of the Rings Trilogy)
42.9%
Billy Crystal (The Princess Bride)
36.9%
Eddie Murphy (Coming to America)
36.7%
Michelle Pfeiffer (Stardust)
31.9%
Gary Oldman (Bram Stoker's Dracula)
23%

You're not logged in!

Compare scores with friends on all Sporcle quizzes.
OR
Log In
Forgot?

From the Vault

Bordering Countries II

by Booger

It's twice as hard. Are you twice as capable?
Remove Ads.
Support Sporcle.
Get the best of Sporcle when you Go Orange. This ad-free experience offers more features, more stats, and more fun while also helping to support Sporcle. Thank you for becoming a member.

Show Comments

Extras

Top Quizzes Today


Score Distribution

Your Account Isn't Verified!

In order to create a playlist on Sporcle, you need to verify the email address you used during registration. Go to your Sporcle Settings to finish the process.

Report this User

Report this user for behavior that violates our Community Guidelines.

Details: